000 00576nam a2200241 a 4500
001 nice12345678
003 IN_TiNIC
005 20260116011936.0
008 050524s1928 dela grp 000 0 ara
020 _a
_c100
082 0 0 _a269.2
_bJON
100 _aJones, S Stanley
245 _aAl-Masih Fil Hind.
260 _aDelhi
_bAastana Book Depot
_c1928
300 _a245p
500 _aincludes index and biblioraphy
505 2 _aReserve copies
650 _aEvangelistic Work
700 1 _aJones, S Stanley
902 _bRBA
942 _cBK
999 _c4993
_d4993